|
|
|
|
| LEADER |
00687nta a2200169 i 4500 |
| 001 |
dipl80397 |
| 005 |
20191107092018.0 |
| 008 |
191107s2016 hu om 0|| zxx d |
| 040 |
|
|
|a SZTE Diploma Repozitórium
|b hun
|
| 041 |
|
|
|a zxx
|
| 100 |
2 |
|
|a Szabó-Bózsó Petra
|
| 245 |
1 |
0 |
|a Hatással van-e a fiskális decentralizáció a tanulói teljesítményre?
|h [elektronikus dokumentum] /
|c Petra Szabó-Bózsó
|
| 246 |
1 |
0 |
|a Does fiscal decentralization affect student's performance?
|h [elektronikus dokumentum]
|
| 260 |
|
|
|c 2016
|
| 650 |
|
4 |
|a Gazdaságtudományok
|
| 700 |
1 |
|
|a Jakab Árpád
|e ths
|
| 856 |
4 |
0 |
|u http://diploma.bibl.u-szeged.hu/id/eprint/80397/1/2016_szabo_bozso_petra.pdf
|z Dokumentum-elérés
|